|
|
|
|
| LEADER |
02642nam a2200649 4500 |
| 001 |
ocn895254835 |
| 003 |
OCoLC |
| 005 |
20170124071411.8 |
| 006 |
m o d |
| 007 |
cr cnu|||unuuu |
| 008 |
141114s2014 enkab ob 001 0 eng d |
| 040 |
|
|
|a N$T
|b eng
|e rda
|e pn
|c N$T
|d EBLCP
|d IDEBK
|d N$T
|d DG1
|d YDXCP
|d E7B
|d CDX
|d OCLCF
|d DEBSZ
|d OCLCQ
|d COO
|d DEBBG
|d LOA
|d D6H
|d OCLCQ
|d GrThAP
|
| 019 |
|
|
|a 960202389
|a 960884064
|a 961599025
|a 962701936
|a 966150306
|
| 020 |
|
|
|a 9781119007678
|q (electronic bk.)
|
| 020 |
|
|
|a 1119007674
|q (electronic bk.)
|
| 020 |
|
|
|a 9781119007685
|q (electronic bk.)
|
| 020 |
|
|
|a 1119007682
|q (electronic bk.)
|
| 020 |
|
|
|a 1848217013
|
| 020 |
|
|
|a 9781848217010
|
| 020 |
|
|
|z 9781848217010
|
| 029 |
1 |
|
|a AU@
|b 000058389230
|
| 029 |
1 |
|
|a CHBIS
|b 010442226
|
| 029 |
1 |
|
|a CHDSB
|b 006423488
|
| 029 |
1 |
|
|a CHVBK
|b 334086558
|
| 029 |
1 |
|
|a CHVBK
|b 338383867
|
| 029 |
1 |
|
|a DEBBG
|b BV043397281
|
| 029 |
1 |
|
|a DEBSZ
|b 431832412
|
| 029 |
1 |
|
|a NLGGC
|b 383757460
|
| 035 |
|
|
|a (OCoLC)895254835
|z (OCoLC)960202389
|z (OCoLC)960884064
|z (OCoLC)961599025
|z (OCoLC)962701936
|z (OCoLC)966150306
|
| 050 |
|
4 |
|a GC28
|
| 072 |
|
7 |
|a SCI
|x 030000
|2 bisacsh
|
| 072 |
|
7 |
|a SCI
|x 031000
|2 bisacsh
|
| 082 |
0 |
4 |
|a 551.46
|2 23
|
| 049 |
|
|
|a MAIN
|
| 245 |
0 |
0 |
|a Ocean in the earth system /
|c edited by André Monaco, Patrick Prouzet.
|
| 264 |
|
1 |
|a London :
|b ISTE ;
|a Hoboken, NJ :
|b John Wiley and Sons, Inc.,
|c 2014.
|
| 300 |
|
|
|a 1 online resource :
|b color illustrations, color maps.
|
| 336 |
|
|
|a text
|b txt
|2 rdacontent
|
| 337 |
|
|
|a computer
|b c
|2 rdamedia
|
| 338 |
|
|
|a online resource
|b cr
|2 rdacarrier
|
| 490 |
1 |
|
|a Oceanography and marine biology series. Sea and oceans set
|
| 504 |
|
|
|a Includes bibliographical references and index.
|
| 588 |
0 |
|
|a Online resource; title from PDF title page (EBSCO, viewed December 12, 2014).
|
| 650 |
|
0 |
|a Oceanography.
|
| 650 |
|
0 |
|a Earth sciences.
|
| 650 |
|
7 |
|a SCIENCE
|x Earth Sciences
|x Geography.
|2 bisacsh
|
| 650 |
|
7 |
|a SCIENCE
|x Earth Sciences
|x Geology.
|2 bisacsh
|
| 650 |
|
7 |
|a Earth sciences.
|2 fast
|0 (OCoLC)fst00900729
|
| 650 |
|
7 |
|a Oceanography.
|2 fast
|0 (OCoLC)fst01043671
|
| 655 |
|
4 |
|a Electronic books.
|
| 655 |
|
0 |
|a Electronic books.
|
| 700 |
1 |
|
|a Monaco, André,
|e editor.
|
| 700 |
1 |
|
|a Prouzet, Patrick,
|e editor.
|
| 776 |
0 |
8 |
|i Print version:
|t Ocean in the earth system.
|d London, England ; Hoboken, New Jersey : ISTE : Wiley, ©2014
|h xiv, 259 pages
|k Oceanography and marine biology series.
|z 9781848217010
|
| 830 |
|
0 |
|a Oceanography and marine biology series.
|p Sea and oceans set.
|
| 856 |
4 |
0 |
|u https://doi.org/10.1002/9781119007678
|z Full Text via HEAL-Link
|
| 994 |
|
|
|a 92
|b DG1
|